Statistiques concernant Cinéma n°2 - "En prison"

Cliquez ici pour prendre le quiz!

Statistiques générales

  • Ce quiz a été pris 142 fois
  • Le résultat moyen est 5 sur 21

Statistiques - réponses

Réalisateur - Année - Acteur(s)Film% Correct
Frank Darabont - 1994 - Tim Robbins, Morgan FreemanLes évadés
81%
Frank Darabont - 1999 - Tom Hanks, Michael C. DuncanLa ligne verte
78%
John Sturges - 1963 - Steve McQueen, Richard AttenboroughLa grande évasion
57%
Franklin J. Schaffner - 1973 - Steve McQueen, Dustin HoffmanPapillon
53%
Jacques Audiard - 2009 - Tahar Rahim, Niels ArestrupUn prophète
47%
Don Siegel - 1979 - Clint EastwoodL'évadé d'Alcatraz
45%
Alan Parker - 1978 - Brad DavisMidnight Express
33%
Jacques Becker - 1960 - Marc Michel, Philippe LeroyLe trou
28%
Nicolas Winding Refn - 2008 - Tom HardyBronson
27%
Steve McQueen - 2008 - Michael FassbenderHunger
23%
Tobias Lindholm & Michael Noer - 2010 - Pilou AsbaekR
21%
Stuart Rosenberg - 1967 - Paul NewmanLuke la main froide
14%
John Flynn - 1989 - Sylvester Stallone, Donald SutherlandHaute sécurité
12%
Kim Chapiron - 2010 - Adam ButcherDog Pound
8%
Rod Lurie - 2001 - Robert Redford, James GandolfiniLe dernier château
5%
Ric Roman Waugh - 2008 - Stephen Dorff, Val KilmerFélon
3%
Jon Turteltaub - 1999 - Anthony Hopkins, Cuba Gooding Jr.Instinct
3%
Adrian Grunberg - 2012 - Mel GibsonKill the gringo
3%
Eric Valette - 2002 - Clovis CornillacMaléfique
3%
Jonathan Kaplan - 1999 - Claire Danes, Kate BeckinsaleBangkok aller simple
2%
Daniel Monzón - 2009 - Alberto Ammann, Luis TosarCellule 211
1%

Distribution des résultats

Percentile par nombre de réponses

% des personnes avec chaque résultat

Votre développement - résultats

Vous n’avez pas pris ce quiz